000 00433nam a2200169Ia 4500
008 220216s9999 xx 000 0 und d
100 _aMathew Shera
245 0 _aNanomaterials and polymer nanocomposites
260 _bRubber Science
_c2012
300 _a269-296
650 _aAspect ratio
650 _aLayered silicate
650 _aNanocomposite
650 _aNatural rubber latex
700 _aVarghese Siby
942 _cJS
999 _c63400
_d63400